000 00611nam a2200277Ia 4500
005 20260324120423.0
008 008 260324s9999 xx 000 0 eng d
020 _a9781315723815
037 _aEBOOK
040 _aCRL
040 _beng
040 _cCRL
041 _2eng
041 _aeng
084 _qCRL
100 _aBarbara Levick
_91158496
245 0 _aClaudius
260 _bTaylor and Francis
260 _c2015
365 _a
365 _b255
856 _uhttp://www.taylorfrancis.com/books/9781315723815
942 _cEBOOK
999 _c1750020
_d1750020